000
00318 a2200145 4500
001
194981
040
_c
Magnum
100
_a
Torero, José Roberto
240
1
0
_a
Chapeuzinhos coloridos
_l
por
245
1
0
_a
Chapeuzinhos coloridos
300
_a
15
440
1
_a
Objetiva
697
_a
LITERATURA INFANTO
942
_c
BK
999
_c
194981
_d
194981